سيكولوجية المرأة / (Record no. 16336)
[ view plain ]
| 000 -الفاتح | |
|---|---|
| حقل البيانات ثابتة الطول | 00729nam a22001817a 4500 |
| 005 - وقت وتاريخ اخر تعامل مع التسجيلة | |
| رقم الضبط | 20201124141927.0 |
| 008 - عناصر البيانات ثابتة الطول - معلومات عامة | |
| حقل البيانات ثابتة الطول | 111218s1969 ua|||||r|||| 00| 0 ara d |
| 082 ## - رقم تصنيف ديوى العشرى | |
| رقم الطبعة | 22 |
| رقم التصنيف | 155.633 |
| رقم المادة | ب و ن |
| 100 ## - المدخل الرئيسى - إسم شخصى | |
| 9 (RLIN) | 28157 |
| الإسم الشخصى | بونابرت، ماري |
| 240 ## - العنوان الموحد | |
| عنوان موحد | Sexua;ite de La Femme |
| 245 ## - بيان العنوان | |
| العنوان | سيكولوجية المرأة / |
| بيان المسئوليه,etc | تأليف ماري بونابارت ؛ ترجمة صلاح مخيمر، عبده ميخائيل. |
| 260 ## - PUBLICATION, DISTRIBUTION, ETC. (IMPRINT) | |
| مكان الناشر او الموزع | القاهرة : |
| اسم الناشر او الموزع | مكتبة الأنجلو المصرية، |
| تاريخ النشر أو التوزيع | 1969. |
| 300 ## - الوصف المادى | |
| التعداد | 380 ص. ؛ |
| أبعاد الوعاء | 24 سم. |
| 504 ## - تبصرة ببليوجرافية | |
| تبصرة ببليوجرافية,الخ | يشتمل على إرجاعات ببليوجرافية: ص 337-341 |
| 650 ## - المدخل الاضافى بالموضوع-مصطلح موضوعى | |
| 9 (RLIN) | 16296 |
| مصطلح موضوعي أو اسم جغرافي كعنصر مدخل | المرأة |
| التقسيم الفرعي العام | علم النفس |
| 653 ## - مصطلح تكشيفى غير مقيد | |
| Resource For college | |
| Arrived date list | December2011 |
| 942 ## - عناصر المدخل الإضافي( كوها) | |
| مصدر التصنيف او مخطط الترفيف | Dewey Decimal Classification |
| Koha [default] item type | Book - Borrowing |
| حالة التراجع | حالة الفقد | مصدر التصنيف او خطة الترفيف | حالة تلف | ليس للاعارة | مجموعات كوها | المكان الدائم | المكان الحالي | موقع الترفيف | تاريخ الاكتساب | Source of acquisition | رقم الاستدعاء | الباركود | Date last seen | نوع الوعاء |
|---|---|---|---|---|---|---|---|---|---|---|---|---|---|---|
| Dewey Decimal Classification | Alef-Baa | Central Library | Central Library | Lower Floor | 18/12/2011 | 155.633 ب و ن | 000025849 | 15/07/2025 | Book - Borrowing | |||||
| Dewey Decimal Classification | Alef-Baa | Central Library | Central Library | Lower Floor | 23/04/2012 | 155.633 ب و ن | 000026676 | 15/07/2025 | Book - Borrowing |